00305nam a22001097a 4500008004100000082001500041100003100056245005500087260003000142300000900172440001400181230620b xxu||||| |||| 00| 0 eng d a320.9bCRO cRichard Crook, James Manor aThe Journal of Commonwealth & Comparative Politics bFrank Cass & Co Ltdc1989 a227p vVolume 27